| 000 | 01777cam a22001814a 4500 | ||
|---|---|---|---|
| 005 | 20250605164205.0 | ||
| 008 | 250528s ||||||||||||||||||||||||d | ||
| 035 | _a19892 | ||
| 040 |
_aGR-AtMCL _bgre _dGR-AtMCL _eAACR2 |
||
| 245 | 1 | _aΟργάνωση, Λειτουργία και Πιστοποίηση Υπηρεσιών Αποκατάστασης Αναπήρων / Διπλωματική Εργασία | |
| 260 |
_bΠειραικός Σύλλογος Κινητικά Αναπήρων, _c2011 |
||
| 300 | _a164 | ||
| 520 | _aΑναπηρία και Στατιστικά Στοιχεία και οικονομικές Επιπτώσεις και η ανάγκη για Αποκατάσταση, Τα κέντρα Αποκατάστασης στην Ελλάδα και το Εξωτερικό και ο Τρόπος Λειτουργίας τους με Ενδεικτικά Παραδείγματα, Δημόσια και Ιδιωτικά Κέντρα Αποκατάστασης στην Ελλάδα, Η Νομοθεσία για την Αποκατάσταση, Ομοιότητες και Διαφορές Διοίκησης Νοσοκομείου και Κέντρου Αποκατάστασης, Διαχείριση Ανθρωπίνου Δυναμικού και Οικονομικών Πόρων, Στρατηγικός Σχεδιασμός και Αντιμετώπιση Προβλημάτων, Διοίκηση Ολικής Ποιότητας και Six Sigma και Πιστοποίηση από τους Οργανισμούς EQRM - CARF - JCAHO και ISO, Συζήτηση και Συμπεράσματα, Βιβλιογραφία, Abstract. | ||
| 700 | 1 |
_aΔημητριάδης Βασίλης _96042 |
|
| 942 | _cBK | ||
| 999 |
_c5135 _d5135 |
||